<?xml version="1.0" encoding="UTF-8"?><?xml-stylesheet type="text/xsl" href="static/style.xsl"?><OAI-PMH xmlns="http://www.openarchives.org/OAI/2.0/" xmlns:xsi="http://www.w3.org/2001/XMLSchema-instance" xsi:schemaLocation="http://www.openarchives.org/OAI/2.0/ http://www.openarchives.org/OAI/2.0/OAI-PMH.xsd"><responseDate>2026-04-13T06:47:19Z</responseDate><request verb="GetRecord" identifier="oai:www.recercat.cat:10459.1/70546" metadataPrefix="marc">https://recercat.cat/oai/request</request><GetRecord><record><header><identifier>oai:recercat.cat:10459.1/70546</identifier><datestamp>2024-12-05T21:57:06Z</datestamp><setSpec>com_2072_3622</setSpec><setSpec>col_2072_479130</setSpec></header><metadata><record xmlns="http://www.loc.gov/MARC21/slim" xmlns:dcterms="http://purl.org/dc/terms/" xmlns:xsi="http://www.w3.org/2001/XMLSchema-instance" xmlns:doc="http://www.lyncode.com/xoai" xsi:schemaLocation="http://www.loc.gov/MARC21/slim http://www.loc.gov/standards/marcxml/schema/MARC21slim.xsd">
   <leader>00925njm 22002777a 4500</leader>
   <datafield ind2=" " ind1=" " tag="042">
      <subfield code="a">dc</subfield>
   </datafield>
   <datafield ind2=" " ind1=" " tag="720">
      <subfield code="a">Selfa Sastre, Moisés</subfield>
      <subfield code="e">author</subfield>
   </datafield>
   <datafield ind2=" " ind1=" " tag="720">
      <subfield code="a">Balça, Ângela</subfield>
      <subfield code="e">author</subfield>
   </datafield>
   <datafield ind2=" " ind1=" " tag="720">
      <subfield code="a">Fraga de Azevedo, Fernando</subfield>
      <subfield code="e">author</subfield>
   </datafield>
   <datafield ind2=" " ind1=" " tag="260">
      <subfield code="c">2021-02-18T08:18:38Z</subfield>
   </datafield>
   <datafield ind2=" " ind1=" " tag="260">
      <subfield code="c">2021-02-18T08:18:38Z</subfield>
   </datafield>
   <datafield ind2=" " ind1=" " tag="260">
      <subfield code="c">2021-02-16</subfield>
   </datafield>
   <datafield ind2=" " ind1=" " tag="260">
      <subfield code="c">2021-02-18T08:18:38Z</subfield>
   </datafield>
   <datafield ind2=" " ind1=" " tag="520">
      <subfield code="a">La ausencia de paz es lo que propicia la guerra. Guerras hay de muchos tipos: desde las armadas hasta las que son originadas por no resolver conflictos personales por muy menudos que estos sean. Sea como fuere, la educación para la paz abarca muchos ámbitos que el niño y joven deben aprender a lo largo de su educación obligatoria. Muchas son las maneras de trabajar la educación para la paz y el respeto hacia el prójimo y sus opiniones. Entre estas maneras está la que ofrece la lectura de textos literarios de toda tipología, en los que el componente paz puede ser abordado desde diferentes ópticas. En nuestro trabajo, propondremos la lectura de textos literarios para Educación Primaria en los que es posible trabajar la didáctica de la paz desde una óptica universal. Así, aportaremos títulos de Literatura Infantil en los que sus protagonistas encarnan valores de paz como la tolerancia, la escucha, la empatía por el otro y el perdón. Se trata de textos publicados en el siglo XXI por autores nacionales y extranjeros</subfield>
   </datafield>
   <datafield ind2=" " ind1=" " tag="520">
      <subfield code="a">The absence of peace is what causes war. There are many types of wars: from&#xd;
armed conflicts to those that come from personal conflicts which are not solved, no&#xd;
matter how small they may be. In any case, education for peace covers many areas&#xd;
that children and young people must learn throughout their compulsory education.&#xd;
There are many ways to work education for peace and respect for others and their&#xd;
opinions. One of them is the reading of any type of literary text, in which the peace&#xd;
component can be approached from different perspectives. In our work, we will&#xd;
propose the reading of literary texts for Primary Education in which the didactics of&#xd;
peace can be worked from a universal viewpoint. Thus, we will provide with different&#xd;
titles of Literature for Children in which the protagonists embody values of peace&#xd;
such as tolerance, listening, empathy for the other and forgiveness. These are texts&#xd;
published in the 21st century by national and international authors.</subfield>
   </datafield>
   <datafield ind2=" " ind1=" " tag="520">
      <subfield code="a">Este trabajo está financiado por los Fundos Nacionais a través da FCT – Fundação para a&#xd;
Ciência e a Tecnologia no âmbito do projeto do CIEC (Centro de Investigação em Estudos da&#xd;
Criança da Universidade do Minho) com a referência UID/CED/00317/2019.</subfield>
   </datafield>
   <datafield ind1="8" ind2=" " tag="024">
      <subfield code="a">http://hdl.handle.net/10459.1/70546</subfield>
   </datafield>
   <datafield tag="653" ind2=" " ind1=" ">
      <subfield code="a">Didáctica de la paz</subfield>
   </datafield>
   <datafield tag="653" ind2=" " ind1=" ">
      <subfield code="a">Itinerarios lectores</subfield>
   </datafield>
   <datafield tag="653" ind2=" " ind1=" ">
      <subfield code="a">Literatura Infantil</subfield>
   </datafield>
   <datafield ind2="0" ind1="0" tag="245">
      <subfield code="a">Lecturas literarias para una educación por la paz: itinerarios lectores en Educación Primaria.</subfield>
   </datafield>
   <datafield ind2="0" ind1="0" tag="245">
      <subfield code="a">Literary readings for education for peace: reading itineraries in primary education</subfield>
   </datafield>
</record></metadata></record></GetRecord></OAI-PMH>